[Event "Jakarta"]
[Site "Jakarta"]
[Date "1996.??.??"]
[Round "?"]
[White "Hodgson, Julian M"]
[Black "Situru, Nathanael"]
[Result "1-0"]
[WhiteElo "2550"]
[BlackElo "2385"]
[Annotator "Stohl,I"]
[PlyCount "125"]
[EventDate "1996.08.28"]
[EventType "tourn"]
[EventRounds "11"]
[EventCountry "INA"]
[EventCategory "10"]
[SourceTitle "CBM 057"]
[Source "ChessBase"]
[SourceDate "1997.04.01"]
[SourceVersion "1"]
[SourceVersionDate "1997.04.01"]
[SourceQuality "1"]

1. d4 Nf6 2. Bg5 e6 3. e4 h6 4. Bxf6 Qxf6 5. Nc3 {Hodgson as the world's
leading expert on the Trompowsky doesn't develop his N to f3 prematurely,
keeping the options Qd2,f4 and Nge2 open.} ({Even less dangerous is} 5. g3 Nc6
6. c3 e5 7. d5 Bc5 8. Qf3 Ne7 9. Qxf6 gxf6 10. b4 Bb6 11. Nd2 f5 12. Bc4 d6 13.
exf5 Bxf5 14. a4 a5 15. Ne2 Bh3 16. bxa5 Bxa5 17. Nb3 Bg2 18. Kd2 Bxh1 19. Rxh1
Bb6 20. f4 O-O $19 {Raptis,G-Arakhamia,K/Ano Liosia op/1997/}) ({He was
probably convinced by the following game:} 5. Nf3 Nc6 6. e5 Qe7 7. Nc3 d6 8.
Bb5 Bd7 9. O-O a6 10. Bxc6 Bxc6 11. d5 exd5 12. Nxd5 Bxd5 13. Qxd5 O-O-O 14.
Rad1 dxe5 15. Qxe5 Qxe5 16. Rxd8+ Kxd8 17. Nxe5 Ke8 18. Re1 Be7 19. Nc4 Kd7 20.
Ne5+ Ke8 21. Nc4 Kd7 {1/2,Hodgson,Ju-Sokolov,I/Reykjavik tt/1990/}) 5... d6 (
5... b6 6. e5 Qe7 7. Qd2 Bb7 8. f4 g6 9. O-O-O Bg7 10. Bd3 d6 11. Nf3 Bxf3 12.
gxf3 d5 13. Rhg1 h5 14. Kb1 Bh6 15. Ne2 Nd7 16. c4 dxc4 17. Be4 Rd8 18. Qc3 b5
19. Qa5 b4 20. d5 Qc5 21. Qa4 Ke7 22. dxe6 Nb6 23. Qxa7 Kxe6 24. Qb7 c3 $40 {
Sutherland,J-Green,P/NZL-ch Auckland/1997/}) 6. Qd2 g5 $5 {The main move,
favored also by Karpov. Black gains space on the >> and prepares to fianchetto
his strong B.} 7. O-O-O {Mostly White plays this, as the alternatives are not
too promising.} (7. Bb5+ Nd7 (7... c6 8. Ba4 Bg7 9. Nge2 O-O 10. O-O b5 11. Bb3
a5 12. a4 b4 13. Nd1 Ba6 14. c3 Nd7 15. Ne3 bxc3 16. bxc3 Rfb8 17. Ba2 Ra7 18.
Rab1 Rxb1 19. Rxb1 d5 20. e5 Qd8 21. c4 dxc4 22. Rd1 c5 $132 {Watson,
J-Yermolinsky,A/Las Vegas op/1994/}) 8. Nge2 a6 9. Bd3 c5 10. dxc5 dxc5 (10...
Nxc5 $5 $13) 11. O-O Ne5 12. f4 gxf4 13. Nxf4 Qd8 14. Nh5 Qd4+ 15. Kh1 c4 16.
Ne2 Qd6 17. Qf4 cxd3 18. cxd3 Be7 19. d4 Nc6 20. e5 Qb4 21. Qxf7+ $40 {~/=,
Kishnev,S-Chuchelov,V/BL2-W/1996/}) (7. g3 Bg7 8. Nb5 Qd8 9. c3 a6 10. Na3 b6
11. Bg2 Bb7 12. Nc2 Nd7 13. Ne3 Qe7 14. Ne2 O-O-O 15. O-O-O Kb8 16. Kb1 Nf6 $6
(16... c5 $142 $132) 17. Qc2 h5 18. e5 Nd5 19. Bxd5 Bxd5 20. Nxd5 exd5 21. f4
gxf4 22. gxf4 dxe5 23. dxe5 Kb7 24. Nd4 Qd7 25. Rhe1 Bh6 26. f5 $16 {Adams,
M-Leko,P/EU-ch act Cap d`Agde/1996/}) (7. h4 Bg7 8. hxg5 hxg5 9. Rxh8+ Bxh8 10.
O-O-O a6 $5 (10... Bd7 11. Nf3 Nc6 12. d5 Nb4 13. Bc4 b5 14. e5 Qf4 15. Qxf4
gxf4 16. Nxb5 Bxb5 17. Bxb5+ Ke7 18. dxe6 fxe6 19. exd6+ cxd6 20. c3 Nxa2+ 21.
Kc2 Rc8 22. Ra1 Nb4+ 23. Kd2 Nd5 24. Rxa7+ $14 {Lputian,S-Tukmakov,V/Tilburg
blitz/1994/}) (10... Nc6 11. Bb5 Bd7 12. Nge2 O-O-O 13. Qe3 Kb8 14. f3 Bg7 15.
g4 Rh8 16. Ng3 Qf4 17. Qxf4 gxf4 18. Bxc6 fxg3 19. Bxd7 Bh6+ 20. Kb1 Be3 21.
Ne2 g2 22. Ba4 (22. c3 $142 Rh1 23. Kc2 Rxd1 24. Kxd1 g1=Q+ 25. Nxg1 Bxg1 $11)
22... Bxd4 $1 23. c3 Be3 24. Kc2 {1/2,Shereshevski,M-Kolev,At/Elenite-B/1994/})
11. Nh3 Nc6 12. d5 g4 13. dxc6 gxh3 14. gxh3 bxc6 15. f4 Qe7 16. Bc4 Bb7 17.
Rg1 O-O-O 18. Qd3 Qf6 19. Rg4 a5 20. Ba6 Qd4 21. Bxb7+ Kxb7 22. Qxd4 Bxd4 23.
Ne2 Bf6 24. c3 Rh8 25. Ng1 Kc8 26. Kd2 Kd7 $15 {[%csl Gc6,Gc7,Gd6,Ge6,Gf7,Rh3]
_|_[+],><h3,Nataf,I-Chuchelov,V/Cappelle la Grande op/1995/}) 7... Qf4 $2 $146
{A novelty, but a horrible one. Black is probably scared to death by Hodgson's
tactical abilities, so he hastens to exchange the Queens. But this gives White
a comfortable endgame with a permanent advantage.} ({The logical continuation
is} 7... Bg7 8. g3 (8. e5 dxe5 9. dxe5 Qe7 10. f4 Nc6 11. Nf3 (11. g3 Bd7 12.
Nge2 O-O-O 13. Bg2 f5 14. Qe3 Qb4 15. Nd4 Na5 16. Nb3 Nxb3+ 17. cxb3 {1/2,
Mellado,J-Marin,M/Berga op/1995}) 11... Bd7 12. g3 O-O-O 13. Qe3 f6 14. exf6
Bxf6 15. Bb5 gxf4 16. gxf4 a6 17. Bc4 Rhf8 18. Kb1 {[#]} Qb4 19. Bxe6 Bxc3 20.
Bxd7+ Rxd7 21. Qxc3 Rxd1+ 22. Rxd1 Qxf4 $17 {Steiner,G-Kupreichik,V/Velden op/
1996/}) (8. h4 Nc6 9. Bb5 Bd7 10. hxg5 hxg5 11. Rxh8+ Bxh8 12. d5 Ne5 13. Bxd7+
Kxd7 14. Nf3 Nxf3 15. gxf3 Qxf3 16. Qxg5 Be5 17. dxe6+ fxe6 18. Qg6 Rf8 19.
Qh7+ Rf7 $17 {Asensio Soto,F-Jurkovic,A/Zaragoza-B op/1996/}) 8... Nc6 9. Bb5 (
9. Nb5 Qd8 10. Ne2 a6 11. Nbc3 b5 12. Bg2 Bb7 13. f4 Ne7 14. h4 g4 15. h5 b4
16. Nb1 a5 17. Qe3 O-O 18. Nd2 f5 19. Rhg1 fxe4 20. Bxe4 Nf5 21. Qb3 d5 22.
Bxf5 exf5 $36 {Adams,M-Topalov,V/Madrid/1996/}) 9... Bd7 10. Nge2 (10. e5 Qe7
11. f4 dxe5 12. dxe5 O-O-O 13. Qe3 a6 (13... f6 14. Nf3 gxf4 15. gxf4 Kb8 16.
Rhg1 a6 17. Ba4 fxe5 18. fxe5 Rhf8 19. Kb1 Rf7 20. a3 Qf8 21. Rg3 Qh8 $15 {
Cherniaev,A-Gorin/Arkhangelsk/RUS-ch sf/1996/}) 14. Ba4 Kb8 15. Nf3 f6 16. Rhe1
gxf4 17. gxf4 fxe5 18. fxe5 Rhf8 19. Rg1 Rf7 20. Bxc6 Bxc6 21. Rxd8+ Qxd8 22.
Nd4 Bd5 23. Rd1 Rd7 24. Qf4 c5 $11 {Bianco,V-Sedina,E/Torino op/1996/}) 10...
a6 11. Bxc6 Bxc6 12. Qe3 (12. f4 O-O-O 13. Rhf1 Qg6 14. g4 Bxe4 15. Ng3 d5 16.
Ncxe4 dxe4 17. f5 exf5 18. Nxf5 Rhe8 19. Qg2 Bf8 20. Rfe1 Qe6 21. Kb1 h5 22. h3
hxg4 23. hxg4 Qd5 24. Re3 $44 {Hodgson,J-Gabriel,C/Horgen-B/1995/}) 12... O-O-O
13. f4 Kb8 14. Rhf1 Qg6 15. Qd3 f5 16. exf5 Qxf5 17. Qc4 g4 18. d5 exd5 19.
Nxd5 Qf7 20. Qb3 Rhe8 21. Nec3 {Milov,V-Chuchelov,V/Brussels op/1995/} Bd7 $5
$132 {[%csl Gd7,Gg7][%cal Rd7e6] ^^,/\Be6}) 8. Qxf4 gxf4 9. g3 $1 $14 (9. Nge2
$143 h5 10. g3 (10. Nxf4 $4 Bh6 11. g3 e5 $19) 10... fxg3 11. hxg3 Be7 {
[%cal Yh5h4] and Black will be at least able to get rid of his weak h-pawn (h4)
}) 9... fxg3 10. hxg3 Bd7 11. Bh3 {[%csl Gd4,Ge4,Rf7,Rh6] White's advantage is
based on his superior pawn structure and central control. Black's ^^ is rather
restricted at the moment and can't be sufficient to balance the game.} Rg8 (
11... h5 12. Nf3 $1 {[%cal Yh3f1,Yf1e2,Yh1h2,Yd1h1] /\Bf1-e2,Rh2,Rdh1 The
h-pawn is less vulnerable on h6, protected by the B.}) 12. Nge2 b5 $6 {[%csl
Rb5] Weakens even the <<.} (12... Nc6 $142 13. d5 Nd8 $14) 13. Nf4 b4 14. Nce2
Rg5 15. d5 $1 e5 $8 (15... Ke7 16. dxe6 Bxe6 (16... fxe6 17. Nd4 e5 (17... Re5
$2 18. Ng6+ $18) 18. Nd5+ Kd8 19. Nf3 {[%cal Rd5b4] /\Nb4 simply loses a pawn.}
) 17. Nd4 $16 {->}) (15... Re5 16. Nd4 $36 (16. f3 $5 $16)) 16. Nd3 Bxh3 17.
Rxh3 $16 {After the B disappeared form the board the white squares sre very
weak and Black's B has no perspective. White's position is close to
strategically winning.} c5 (17... f5 $6 18. f4 exf4 19. gxf4 Rg8 20. e5 $40)
18. Ng1 (18. f4 $5 exf4 19. gxf4 Rg2 20. Ng3 $36 {was also possible, but
Hodgson doesn't want to allow any counterplay and plays it slow.}) 18... Nd7
19. Nf3 Rg4 20. Rh4 (20. Re1 $142 $5 Nf6 (20... f5 21. exf5 Nf6 (21... e4 $2
22. Nd2 Nf6 23. f3 $18) 22. Nh4 $16 {/\} Nxd5 23. Nxe5 $1 dxe5 24. Rxe5+ Ne7
25. f6 $18) 21. Nd2 $16) 20... Rg6 21. Rh3 Rg4 22. Nd2 Nb6 23. b3 a5 24. Nb2 a4
25. Kb1 axb3 (25... a3 26. f3 Rg6 27. Nbc4 $18 {[%cal Rc4e3,Re3f5] and the N
heads for f5}) 26. cxb3 f5 $5 27. f3 Rg5 28. Re1 $1 (28. Nbc4 Nxc4 29. Nxc4
fxe4 30. fxe4 Rg4 31. Re1 Ra7 $132) 28... fxe4 (28... Ra7 $5) 29. fxe4 Ra7 30.
Nf3 Rg4 31. Nh4 {Black has done as much as he could, even managing to play f5,
bt his position remains difficult.} Rf7 32. Nf5 Kd7 $6 {Probably the last
important moment. In a normal quiet course of events Black will eventually
lose, so he should try to counter the positional factors, speaking against him
by creating some imbalance or complications.} ({Threfore he should have risked
} 32... Nxd5 $5 33. Nxd6+ Bxd6 34. exd5 e4 $5 $16) 33. Rh5 $1 {Hodgson
immediately stops the ideas like Nd5 or even Re4.} Rf6 34. Kc2 Rfg6 (34... Nc8
35. Nd3 $5 (35. Nc4 Ne7 36. Nfxd6 $5 Rf2+ 37. Kb1 Rxg3 $132) 35... Ne7 36. Nf2
Rg8 37. g4 $16) 35. Kd3 R4g5 36. Rxg5 Rxg5 37. Rf1 Be7 38. Nc4 $1 {Exchanging
all the suprfluous pieces will show the miser of Be7 even more clearly.} Nxc4
39. Kxc4 Rg4 40. Kd3 Rg8 (40... Bg5 $143 $6 41. a3 bxa3 42. Ra1 $18) 41. Rf2 (
41. Kc2 $5 {preparing the opening of the second front was maybe even better,
but White shuffles around a bit, as he has nowhere to hurry.}) 41... Bg5 42.
Rc2 h5 $6 (42... Rg6 {probably wouldn't save the game but offered more
resistance.}) 43. Ke2 Bf6 44. Kf3 Rh8 45. Rh2 Kc7 46. Ke2 $1 $18 {With Black
helplessly pinned to the defence of ><d6 and h5 Hodgson opens the <<. The game
is decided.} Kd7 47. Kd3 Kc7 48. Kc2 Kd7 49. Kb2 Bd8 50. a3 bxa3+ (50... Ba5 $2
51. g4 $18) 51. Kxa3 Ba5 52. Kb2 Bd8 53. Rh1 $1 {Space advanatge among others
means White can more easily transfer his pieces from one flank to the other.}
Bf6 54. Kc3 $1 {White moves all his pieces to their best squares before he
infiltrates.} Bd8 55. Kc4 Bf6 56. Ra1 $1 {Now this penetration finishes Black
off.} Bd8 (56... Rc8 57. Ra6 $1 Be7 58. Ra7+) 57. Ra7+ Bc7 58. Ng7 $1 Kc8 59.
Ne6 Bb8 $8 (59... Bb6 $2 60. Ra8+) (59... Bd8 60. Ra8+ Kd7 61. Rxd8+ Rxd8 62.
Nxd8 Kxd8 63. Kb5 Kc7 64. Ka6 $18) 60. Rg7 h4 61. gxh4 Rxh4 62. Kb5 Rh8 (62...
Rxe4 63. Kc6 Z0 64. Rg8#) 63. Kc6 (63. Kc6 Re8 64. Ng5 Rd8 65. Nf7 {just
gathers up Black's pawns.}) 1-0

[Event "Manresa"]
[Site "Manresa"]
[Date "1995.??.??"]
[Round "7"]
[White "Vehi Bach, Victor Manuel"]
[Black "Epishin, Vladimir"]
[Result "0-1"]
[WhiteElo "2445"]
[BlackElo "2640"]
[Annotator "Stohl,I"]
[PlyCount "90"]
[EventDate "1995.06.??"]
[EventType "tourn"]
[EventRounds "9"]
[EventCountry "ESP"]
[EventCategory "11"]
[SourceTitle "CBM 049"]
[Source "ChessBase"]
[SourceDate "1995.12.01"]
[SourceVersion "1"]
[SourceVersionDate "1995.12.01"]
[SourceQuality "1"]

1. d4 Nf6 2. Bg5 e6 3. e4 h6 (3... c5 $6 4. e5 h6 5. Bc1 Ng8 6. c3 Nc6 7. Nf3
Nge7 8. Bd3 d6 9. exd6 Qxd6 10. O-O Bd7 11. Na3 cxd4 12. Nb5 Qb8 13. cxd4 (13.
Nfxd4 $14) 13... Nd5 14. Nc3 Nf6 15. a3 Be7 16. Re1 O-O 17. Bc2 Qd6 18. g3 Na5
19. Qd3 Rac8 $132 {Fiorito,F-Ricardi,P/ARG-ch/1995/}) 4. Bxf6 Qxf6 5. Nc3 d6 (
5... Bb4 6. Qd2 $1 (6. Nf3 d6 7. Qd2 Nd7 8. a3 Ba5 9. Bd3 O-O 10. O-O c6 11. b4
Bc7 12. Ne2 e5 13. c4 Re8 14. d5 cxd5 15. cxd5 Nf8 16. Ng3 Ng6 17. Nh5 Qd8 18.
Be2 Bb6 19. Rac1 Rf8 20. Rc3 a5 21. h3 axb4 22. axb4 Bd7 $17 {[%csl Gb6,Gd7]
[%cal Ga7g1,Ga8a1] ^^,<->a,/^a7-g1,Bezold,M-Bischoff,K/Altensteig/1994/}) 6...
d6 (6... c5 7. a3 Bxc3 8. bxc3 d6 9. f4 {->>>,} O-O 10. Nf3 Nc6 11. Bb5 Na5 12.
Bd3 b6 13. O-O Bb7 14. Rae1 Rac8 15. e5 Qe7 16. f5 $1 dxe5 17. Nxe5 cxd4 18. f6
Qc5 19. Qf4 dxc3+ 20. Rf2 g5 21. Qg4 Rfd8 22. Qh5 $18 {Hodgson,JM-Yudasin,L/
New York PCA-op/1994/}) 7. a3 Ba5 8. f4 O-O 9. Nf3 c5 10. b4 cxd4 11. Nb5 Bb6
12. Nxd6 Nc6 13. e5 Qe7 14. Bd3 Bd7 15. O-O Rab8 16. Qe1 a6 17. Qe4 f5 18. exf6
gxf6 19. Nc4 Ba7 20. f5 $1 $40 {Hodgson,JM-Enders,P/BL 9495/1994/}) (5... g6 6.
Qd2 Bg7 7. O-O-O O-O 8. f4 d6 9. Nf3 b6 10. h4 h5 11. e5 Qe7 12. Bd3 Bb7 13.
Ne4 Nd7 14. Nfg5 dxe5 15. fxe5 c5 16. c3 cxd4 17. cxd4 Rad8 18. Kb1 Nb8 19. Nd6
Rxd6 20. exd6 Qxd6 21. Be4 Bxe4+ 22. Nxe4 $14 {Gelfand,B-Rozentalis,E/Tilburg 
(15')/1992/}) (5... a6 6. Qd2 b5 7. e5 Qd8 8. f4 d5 9. Nf3 c5 10. g3 Nc6 11.
Bg2 Qb6 12. Ne2 b4 13. O-O a5 14. Kh1 a4 15. f5 exf5 16. Nh4 Be6 17. Nxf5 $36 {
Vehi Bach,V-Garcia Ilundain,D/Manresa/1995/}) 6. Qd2 c6 $1 (6... g5 7. O-O-O
Bg7 8. e5 dxe5 9. dxe5 Qe7 10. f4 Nc6 11. Nf3 Bd7 12. h4 gxf4 13. Qxf4 O-O-O
14. Ne4 Nb8 $1 15. Be2 Bc6 16. Nf6 Nd7 17. Nh5 Bxf3 18. Bxf3 Bxe5 19. Qe4 c6
20. Rxd7 Bxb2+ 21. Kxb2 Rxd7 22. Qe3 Rhd8 $17 {Adams,M-Karpov,A/Las Palmas/
1994/}) (6... g6 7. O-O-O Bg7 8. e5 $5 Qe7 9. f4 O-O 10. h4 Nc6 11. Ne4 b6 12.
Nf3 Bb7 13. Bd3 dxe5 14. fxe5 Nb4 15. h5 Nxd3+ 16. Qxd3 Bxe4 17. Qxe4 g5 18.
Nh2 c5 19. Ng4 Rad8 20. Rhf1 Rxd4 21. Rxd4 cxd4 22. Rf6 Qc5 23. Nxh6+ Bxh6 24.
Rxh6 f5 25. Rg6+ {1-0/Beshukov,S-Douven,R/Groningen op/1994/}) (6... a6 $5 7.
O-O-O g6 8. f4 Bg7 9. Nf3 Qe7 10. Bd3 Nd7 11. f5 O-O 12. g4 b5 13. h4 c5 14. g5
cxd4 15. Ne2 exf5 16. exf5 Bb7 17. f6 Nxf6 18. gxf6 Qxf6 19. Rdf1 Rae8 $1 20.
Nfxd4 Rxe2 $1 21. Bxe2 Qxd4 22. Qxd4 Bxd4 23. Bf3 Rb8 $17 {_|_,Pomes,J-Lalic,B/
Manresa/1995/}) 7. f4 (7. O-O-O Nd7 (7... e5 $142) 8. f4 e5 9. dxe5 dxe5 10. g3
Be7 11. Nf3 O-O 12. f5 b5 13. g4 b4 14. Ne2 Rd8 15. Ng3 Nc5 16. Qe1 Rxd1+ 17.
Qxd1 Bb7 18. h4 Rd8 19. Qe1 Qd6 20. g5 Na4 21. Bc4 Nb6 22. Bb3 c5 23. f6 $1 $40
{+-, Gocheva,R-Lazic,M/Cetinje tt/1991/}) 7... e5 8. dxe5 $2 (8. Nge2 $142 Bg4
(8... Nd7 $5 9. O-O-O Be7 10. g3 $13) 9. O-O-O exd4 10. Qxd4 Qxd4 11. Rxd4 Bxe2
12. Bxe2 Nd7 13. Rhd1 Nc5 $10) 8... dxe5 $15 {[%csl Gc8,Gf8,Re4] ^^,><e4
Opening the d-file doesn't help White, on the contrary, 8.dxe5? gives up the
center, activates the Bf8 and opens the position for Black's pair of Bishops.}
9. f5 (9. fxe5 Qxe5 10. Nf3 Qa5 11. Bc4 Bb4 $36) 9... Qd6 $1 $146 (9... g6 $5
10. Bd3 Nd7 11. Nge2 h5 12. O-O Bh6 13. Qe1 Qe7 14. Kh1 Nf6 15. Ng1 g5 16. Rb1
g4 17. b4 h4 18. Be2 Be3 19. Rb3 Bd7 20. Nb1 Bd4 21. Bd1 O-O-O 22. c3 Bb6 23.
Na3 Kb8 $15 {Minasian,A-Glek,I/Moscow Tal/1992/}) 10. Bd3 Be7 {[%cal Ye7d8,
Yd8b6] /\Bd8-b6, Black realizes this maneuver about 15 moves later.} 11. Nf3
Nd7 12. O-O-O Qc7 13. g4 (13. Ne2 Nc5 14. Ng3 h5 $5 $15) 13... Nc5 14. h4 b5 $1
{[%csl Rd3] Black of course does not exchange White's passive Bishop.} 15. Kb1
(15. g5 Ba6 {[%cal Ye8c8] /\0-0-0}) (15. Qe3 $142 $5 Bb7 16. Be2 $132 {/\g5})
15... Ba6 16. Ne2 O-O-O 17. Qe3 f6 $17 18. Nc1 (18. g5 hxg5 19. hxg5 Qb6 $1 $17
{_|_ After the practically forced Q-exchange Black would have a very good
endgame with his bishop pair.}) 18... Na4 19. Be2 c5 {()<<} 20. Rxd8+ (20. b3
Nb6 21. a4 c4 $1 $40) 20... Rxd8 21. b3 Nb6 22. c3 c4 23. b4 {[%csl Ra4,Rc3] ׫
} (23. Rd1 $142 $5 Bc5 24. Rxd8+ Kxd8 25. Qd2+ Qd6 $17) 23... Na4 24. Rd1 Bb7
25. Rxd8+ Bxd8 26. Nd2 (26. Bd1 $2 Bxe4+ $1 $19) 26... Qd6 $5 (26... Qb6 27.
Qxb6 Bxb6 28. Kc2 Bf2 29. h5 $17) 27. Kc2 Bb6 28. Qf3 Bd4 $3 29. cxd4 $8 (29.
Nb1 Qc6 $1 30. cxd4 Qxe4+ 31. Qxe4 Bxe4+ 32. Kd2 (32. Nd3 exd4 $19) 32... Bxb1
33. dxe5 fxe5 $19) 29... Qxb4 {[%cal Rb4b2,Ra4c3,Re5d4] /\Qb2,Nc3,ed4} 30. Kd1
$8 (30. Nb1 exd4 $1 $19) (30. Ncb3 exd4 $1 31. Nxd4 Qb2+ $19) (30. dxe5 Qb2+
31. Kd1 Nc3+ 32. Ke1 Qxc1+ 33. Bd1 fxe5 34. g5 hxg5 35. hxg5 Nxd1 36. Qxd1 Qc3
$1 $19) 30... Qb2 31. Nb1 $8 Qxb1 $19 32. Qa3 Bxe4 $1 (32... c3 $6 33. Qf8+ Kc7
34. Qxg7+ Kb6 35. Qxf6+ Ka5 36. Qxh6 $132) 33. Qf8+ Kb7 34. Qxg7+ Ka6 35. Qxf6+
Ka5 {[%cal Rb1c2] /\Qc2} 36. Qxh6 $8 Nc3+ 37. Ke1 exd4 38. Qd2 (38. f6 Nxe2 39.
Kxe2 (39. f7 Nxc1 40. f8=Q Nd3+ 41. Kd2 Qc1+ 42. Ke2 Qe1#) 39... d3+ 40. Kf2
Qc2+ {[%cal Rd3d2] /\d2-+}) 38... Ka6 $138 39. Qh6+ Ka5 40. Qd2 Bd5 $22 41. h5
(41. Bd1 Qe4+ $19) 41... b4 42. h6 Nxe2 43. h7 (43. Kxe2 Qe4+ 44. Kd1 (44. Kf1
Qxg4 $1 $19) 44... d3 {/\} 45. h7 Qh1+ 46. Qe1 Bf3+ 47. Kd2 c3+ 48. Kxd3 Qxe1
49. h8=Q Qe4#) 43... c3 44. Qxe2 Qxc1+ 45. Kf2 c2 $1 (45... c2 46. h8=Q Qf4+
$19) 0-1

[Event "Las Palmas"]
[Site "Las Palmas"]
[Date "1994.??.??"]
[Round "9"]
[White "Adams, Michael"]
[Black "Karpov, Anatoly"]
[Result "0-1"]
[WhiteElo "2660"]
[BlackElo "2740"]
[Annotator "Stohl,I"]
[PlyCount "78"]
[EventDate "1994.05.??"]
[EventType "tourn"]
[EventRounds "9"]
[EventCountry "ESP"]
[EventCategory "17"]
[SourceTitle "CBM 042"]
[Source "ChessBase"]
[SourceDate "1994.10.01"]
[SourceVersion "1"]
[SourceVersionDate "1994.10.01"]
[SourceQuality "1"]

1. d4 Nf6 2. Bg5 (2. Nf3 e6 3. Bg5 h6 4. Bxf6 Qxf6 5. g3 c5 6. c3 d5 7. Bg2 Nc6
8. O-O Be7 9. dxc5 Bxc5 10. Nbd2 O-O 11. e4 Rd8 12. Qe2 dxe4 13. Nxe4 Qe7 14.
Rad1 Bd7 15. Nxc5 Qxc5 16. Rd2 Be8 17. Rfd1 Rxd2 $10 {0,5/Timman,J-Karpov,An/
Dortmund/1994/}) 2... e6 3. e4 (3. e3 c5 4. Nd2 h6 5. Bh4 Be7 6. c3 d5 7. Ngf3
Qb6 8. Qb3 Nc6 9. Be2 Bd7 10. O-O Qxb3 11. axb3 g5 12. Bg3 Nh5 13. dxc5 Bxc5
14. b4 Nxg3 15. hxg3 Bb6 16. e4 g4 17. exd5 exd5 18. b5 gxf3 19. bxc6 fxe2 20.
cxd7+ Kxd7 $36 {Chepukaitis,G-Emelin,V/St.Petersburg op/1994/}) 3... h6 4. Bxf6
Qxf6 5. Nc3 d6 6. Qd2 g5 $5 $146 (6... a6 7. O-O-O b5 8. e5 $1 Qd8 9. Bd3 b4
10. Ne4 Nc6 11. Nf3 d5 12. Ng3 g6 13. Ne2 h5 14. h4 Bh6 15. Ng5 a5 16. f3 Ba6
17. Bxa6 Rxa6 18. Kb1 Ra8 19. g4 hxg4 20. fxg4 Qe7 21. Nc1 Nb8 22. c4 $1 $36 {
Romero Holmes,A-Zlotnik,B/Ceuta/1993/}) 7. O-O-O (7. Nf3 $6 g4 $36) 7... Bg7 8.
e5 dxe5 (8... Qe7 $5 9. exd6 $5 (9. f4 gxf4 10. Nf3 $1 $13) 9... cxd6 10. h4 d5
$5 $13 {/\Nc6}) 9. dxe5 Qe7 (9... Qf4 10. Qxf4 gxf4 11. Nf3 Bd7 12. Bd3 Bc6
$132) 10. f4 Nc6 (10... gxf4 $5 11. Nf3 $1 (11. Qxf4 Qg5 $1 $15) 11... Nc6 12.
Qxf4 $13) 11. Nf3 (11. g3 $5 Bd7 12. Bg2 O-O-O $132) 11... Bd7 12. h4 (12. Ne4
O-O-O {/\Qb4<=>}) 12... gxf4 13. Qxf4 O-O-O 14. Ne4 Nb8 $1 (14... Nb4 $2 15.
Nd6+ $1 cxd6 16. Qxb4) (14... Kb8 $5 15. Nf6 Bc8 $13 {/\Ne5} (15... Nxe5 $2 16.
Nxe5 Bxf6 17. Nxd7+ Rxd7 18. Rxd7 Qxd7 19. Qxf6) 16. Nh5) 15. Be2 (15. Nd4 Bc6
16. Nf6 Bxf6 17. exf6 Qc5 $36) (15. Nf6 Bc6 16. Be2 {-15.Be2}) 15... Bc6 16.
Nf6 Nd7 $1 17. Nh5 (17. Nxd7 Rxd7 $15 {^^,><e5}) (17. Nd4 $2 Bxg2 18. Rhg1 (18.
Nxd7 Bxh1 $19) 18... Nxe5 $1 19. Nh5 Ng6 $19) 17... Bxf3 18. Bxf3 Bxe5 19. Qe4
c6 20. Rxd7 Bxb2+ $1 21. Kxb2 Rxd7 $36 22. Qe3 Rhd8 (22... Qb4+ 23. Qb3 $15)
23. a3 (23. Qxa7 Qb4+ 24. Kc1 Qc3 $1 $40) 23... Rd4 24. g3 Qc5 25. Re1 Rc4 (
25... Qb5+ 26. Qb3 Qa5 27. Qc3 $1 (27. Re3 R4d5 $1 28. Bxd5 Rxd5 $19) 27...
Qxc3+ 28. Kxc3 $15) 26. Qxc5 Rxc5 27. Re2 $8 Rd1 $1 28. Nf4 (28. Rxe6 Rd2 29.
Re8+ Kc7 30. Re7+ Kb6 $17) 28... Rb5+ 29. Ka2 Rbb1 30. Bh5 (30. Nd3 Ra1+ 31.
Kb3 Rdb1+ 32. Nb2 a5 33. a4 b5 $1 $36) 30... Ra1+ 31. Kb3 Rdb1+ 32. Kc4 Rxa3
33. Bxf7 Rxg3 34. Bxe6+ (34. Nxe6 Rg4+ 35. Kc3 Rxh4 36. Rd2 b5 $19) 34... Kc7
35. Nd3 a5 36. Rf2 Re3 37. Rf7+ Kb8 $1 $19 (37... Kb6 $6 38. Bc8 $132) 38. Re7
(38. Bf5 a4 39. Kd4 a3 $1) 38... Re4+ 39. Kc3 (39. Kc5 $2 Rb5+ 40. Kd6 Rd4+)
39... Rb5 $1 {/\a4-a3-a2} (39... a4 $6 40. Ba2 $17) 0-1